[Event "Lagos South West op"]
[Site "Lagos"]
[Date "2023.07.16"]
[Round "9"]
[White "Abdulraheem, Abdulrahman Akintoy"]
[Black "Keyi, Lucky Musa"]
[Result "1-0"]
[WhiteElo "2288"]
[BlackElo "1971"]
[PlyCount "91"]
[EventDate "2023.07.12"]
[EventType "swiss"]
[EventRounds "9"]
[EventCountry "NGR"]
[SourceTitle "CBM 215 Extra"]
[Source "ChessBase"]
[SourceDate "2023.09.30"]
[SourceVersion "1"]
[SourceVersionDate "2023.09.30"]
[SourceQuality "1"]

1. d4 Nf6 2. c4 e6 3. Nc3 d5 4. cxd5 exd5 5. Bg5 Nbd7 6. e3 c6 7. Bd3 Bd6 8. Qc2 h6 9. Bh4 b5 10. Nf3 Bb7 11. 0-0 0-0 12. Rac1 Re8 13. Rfd1 g5 14. Bg3 Bxg3 15. hxg3 a6 16. Bf5 Kg7 17. b3 Re7 18. Qb2 Kg8 19. Qb1 Qb6 20. Ne2 Ne4 21. Rc2 Rae8 22. Rdc1 f6 23. g4 Nf8 24. Bxe4 Rxe4 25. Ng3 Rxg4 26. Nf5 h5 27. Nh6+ Kg7 28. Nxg4 hxg4 29. Nh2 f5 30. Nf1 Ng6 31. Ng3 Nh4 32. Rc5 Kf6 33. Qd3 Qd8 34. a4 Qd7 35. Qd2 Qh7 36. Qa5 f4 37. Rxc6+ Bxc6 38. Rxc6+ Re6 39. Rxe6+ Kxe6 40. Qxa6+ Kf7 41. Qb7+ Kg6 42. Qxh7+ Kxh7 43. a5 fxg3 44. a6 gxf2+ 45. Kxf2 g3+ 46. Kg1 1-0

[Event "Lagos South West op"]
[Site "Lagos"]
[Date "2023.07.13"]
[Round "3"]
[White "Keyi, Lucky Musa"]
[Black "Kigigha, Bomo"]
[Result "0-1"]
[WhiteElo "1971"]
[BlackElo "2238"]
[PlyCount "106"]
[EventDate "2023.07.12"]
[EventType "swiss"]
[EventRounds "9"]
[EventCountry "NGR"]
[SourceTitle "CBM 215 Extra"]
[Source "ChessBase"]
[SourceDate "2023.09.30"]
[SourceVersion "1"]
[SourceVersionDate "2023.09.30"]
[SourceQuality "1"]

1. e4 e6 2. d4 d5 3. Nd2 c5 4. exd5 Qxd5 5. Ngf3 cxd4 6. Bc4 Qd6 7. 0-0 Nf6 8. Nb3 Nc6 9. Nbxd4 Nxd4 10. Nxd4 Bd7 11. c3 Qc7 12. Qe2 Bd6 13. h3 0-0 14. Bg5 Qc5 15. Be3 Qc7 16. Rad1 Rac8 17. Bb5 a6 18. Bxd7 Nxd7 19. Qd2 Nf6 20. Qe2 Nd5 21. Bc1 Rfe8 22. Rfe1 Bc5 23. Qg4 Ne7 24. Nf3 Ng6 25. h4 f5 26. Qg5 Be7 27. Qh5 Bf6 28. Ng5 Nf8 29. g3 e5 30. Qf3 Bxg5 31. Bxg5 Qf7 32. Rd5 h6 33. Bc1 Nd7 34. Rd6 e4 35. Qe3 Ne5 36. Red1 Nc4 37. Qf4 Nxd6 38. Rxd6 Rcd8 39. Be3 Rxd6 40. Qxd6 Qxa2 41. Qb6 Qd5 42. Bd4 Re6 43. Qc7 Rg6 44. Be3 Qf7 45. Qc8+ Kh7 46. Kh2 Rd6 47. Qc5 Rd1 48. Qe5 Qg6 49. Bd4 Qg4 50. Qe7 e3 51. Qxe3 Qe4 52. Qxe4 fxe4 53. g4 Rd3 0-1